| 000 | 00826nam a22002535i 4500 | ||
|---|---|---|---|
| 001 | 11107 | ||
| 003 | ES-MaACL | ||
| 005 | 20251120063119.0 | ||
| 007 | t| | ||
| 008 | 930317s1992 sp ||||0| spa j | ||
| 020 | _a84-7639-150-1 | ||
| 040 |
_aM-BN _bspa _cM-BN |
||
| 080 | _a860-32"16" | ||
| 100 | 1 |
_aPérez de Montalbán, Juan, _d1602-1638 _990793 |
|
| 245 | 1 | 0 |
_aSucesos y prodigios de amor / _cJuan Pérez de Montalbán ; edición, introducción y notas de Luigi Giuliani. |
| 250 | _a[1ª ed.]. | ||
| 260 |
_aBarcelona : _bMontesinos, _c1992. |
||
| 300 |
_aLV, 344 p ; _c19 cm. |
||
| 490 | 1 |
_aBiblioteca de clásicos y raros ; _v1 |
|
| 700 | 1 |
_aGiuliani, Luigi. _957362 |
|
| 830 | 0 |
_aBiblioteca de clásicos y raros ; _v1 _9178946 |
|
| 852 |
_aES-MaACL _jL-18389 _bR.121979 |
||
| 999 |
_c11107 _d11107 |
||